000 01301nam a2200361 a 4500
001 000111908
003 CHAP
005 20220329144234.0
008 151013s2015 mx sm |||||||spa d
010 _a108369
011 _a109341
040 _cCHAP
090 _aTesis
100 1 _aBarrera Guzmán, Luis Ángel
_9129913
245 1 0 _aPanorama actual del cultivo de tabaco (Nicotiana tabacum L.) en la Costa de Nayarit
_h[En línea]
_cpor Luis Ángel Barrera Guzmán y Luis Alberto Mora Andalón.
260 _aChapingo, Méx. :
_bEl autor,
_c2015.
500 _aPara ver el contenido del material haga clic en la liga
502 _aTesis (Ing. Agr. Esp. en Fitotecnia) -- UACH. Departamento de Fitotecnia
590 _aBATCH
_b00
_c20181121
_lUCH01
_h0758
590 _aE5765TAJ
_b05
_c20151013
_lUCH01
_h1010
590 _aE5765TAJ
_b05
_c20151013
_lUCH01
_h1010
650 1 4 _aTabaco
_xCultivo.
_9125410
650 1 4 _aTabaco
_xMercadeo.
_9111229
650 1 4 _aTabaco
_xProducción.
_9129915
650 1 4 _aTabaco
_xRendimiento.
_9111243
650 1 4 _aTabaco
_xTrabajadores.
_9111246
700 1 _aMora Andalón, Luis Alberto
_9129914
856 _a1
_n0000764
856 _aFinding aid
_uhttp://10.13.5.2/tesis/sist111908.pdf
_zTeclea aquí
901 _aBK
942 _cTESIS
942 _n0
999 _c108369
_d108369